Trénujte si mozek

Enregistré dans:
Détails bibliographiques
Auteur principal: Carter, Philip J.
Autres auteurs: Russell, Kenneth A., Hromková, Helena
Format: Livre
Langue:tchèque
Publié: Praha Portál 2016
Édition:3. vydání
Sujets:
Tags: Ajouter un tag
Pas de tags, Soyez le premier à ajouter un tag!

MARC

LEADER 00000nam a2200000 4500
001 0258554
005 20230109073201.6
020 |a 978-80-262-1050-4 
041 0 |a cze 
044 |a CZ 
245 1 0 |a Trénujte si mozek  |c Philip J. Carter, Kenneth A. Russell ; přeložila: Helena Hromková 
250 |a 3. vydání 
264 1 |a Praha  |b Portál  |c 2016 
300 |a 269 s. 
610 2 0 |a sebarealizácia 
610 2 0 |a sebavýchova 
610 2 0 |a testy 
610 2 0 |a zdravie 
100 1 |a Carter, Philip J. 
700 1 |a Russell, Kenneth A. 
700 1 |a Hromková, Helena